[Event "Kalamazoo Mini-Swiss.1"]
[Site "Kalamazoo, MI"]
[Date "1998.??.??"]
[Round "?"]
[White "Dorrington, Eldon"]
[Black "Griffin, John"]
[Result "1/2-1/2"]
[WhiteElo "1635"]
[BlackElo "1605"]
[PlyCount "98"]
[EventDate "1998.??.??"]

1. d4 Nf6 2. Nf3 b6 3. Bg5 Ne4 4. Bh4 d5 5. Nbd2 Nd7 6. c3 c5 7. e3 Qc7 8. Bb5
a6 9. Bd3 Ndf6 10. Ne5 Nxd2 11. Qxd2 Ng4 12. Bg3 Nxe5 13. Bxe5 Qd8 14. Rc1 f6
15. Bg3 e6 16. f4 c4 17. Bb1 Bd6 18. Qe2 Qe7 19. O-O g6 20. e4 O-O 21. e5 fxe5
22. fxe5 Bc7 23. Qg4 Qg7 24. Rxf8+ Qxf8 25. Rf1 Qg7 26. Bh4 Bd7 27. Bf6 Qh6 28.
Bg5 Qg7 29. Qh4 Rf8 30. Bf6 Qf7 31. g4 Bd8 32. g5 Bxf6 33. gxf6 Be8 34. Rf3 Kh8
35. Rg3 Rg8 36. Qh6 Qf8 37. Qh3 Bf7 38. Rg4 h5 39. Qh4 Qh6 40. Rg5 b5 41. b4 a5
42. Qf4 a4 43. h4 Qf8 44. Qg3 Qh6 45. Bc2 Qf8 46. Bxg6 Bxg6 47. Rxg6 Rxg6 48.
Qxg6 a3 49. Qxh5+ Kg8 {[Remainder unavailable]} 1/2-1/2

[Event "Michigan Amateur"]
[Site "Kalamazoo "]
[Date "1998.??.??"]
[Round "?"]
[White "Dorrington, Eldon"]
[Black "Evans Sr., Thomas"]
[Result "1-0"]
[WhiteElo "1675"]
[BlackElo "1910"]
[PlyCount "104"]
[EventDate "1998.07.??"]

{7/18} 1. d4 d5 2. e3 Nf6 3. Bd3 Bg4 4. Nf3 e6 5. Nbd2 Bd6 6. h3 Bh5 7. c3 c6
8. Qb3 b6 9. Qc2 Nbd7 10. e4 e5 11. dxe5 Nxe5 12. Nxe5 Bxe5 13. O-O Qc7 14. Re1
O-O 15. exd5 cxd5 16. Nf1 Rfe8 17. Be3 Bg6 18. Bxg6 hxg6 19. Rad1 Rad8 20. Qd3
Bf4 21. Bxf4 Qxf4 22. Rxe8+ Rxe8 23. Ng3 Qc4 24. Qb1 Qf4 25. Qd3 Qa4 26. Qb1
Re5 27. b3 Qe8 28. Qd3 Re1+ 29. Kh2 Rxd1 30. Qxd1 Qe5 31. Qc1 Ne4 32. Qe3 Qxc3
33. Nxe4 Qxe3 34. fxe3 dxe4 35. Kg3 f5 36. Kf4 Kf7 37. Ke5 Ke7 38. g4 fxg4 39.
hxg4 Kd7 40. Kd5 Ke7 41. g5 Kd7 42. Kxe4 Ke6 43. Kd4 Kd6 44. e4 a6 45. b4 a5
46. e5+ Kc6 47. b5+ Kxb5 48. Kd5 Kb4 49. e6 Ka3 50. e7 Kxa2 51. e8=Q Kb3 52.
Qxg6 a4 1-0

[Event "Kalamazoo Mini-Swiss.1"]
[Site "Kalamazoo, MI"]
[Date "1998.??.??"]
[Round "?"]
[White "Dorrington, Eldon"]
[Black "Estlick, Laurence"]
[Result "0-1"]
[WhiteElo "1635"]
[BlackElo "1905"]
[PlyCount "80"]
[EventDate "1998.??.??"]

1. d4 e6 2. Nf3 Nf6 3. Nbd2 d5 4. c3 b6 5. e3 c5 6. Ne5 Bd6 7. f4 O-O 8. Bd3
Ba6 9. Bxa6 Nxa6 10. O-O Ne4 11. Rf3 f6 12. Ng4 Nc7 13. Nxe4 dxe4 14. Rf1 Qe7
15. Nf2 f5 16. Bd2 Kh8 17. Kh1 c4 18. b4 b5 19. Rg1 a5 20. a3 Nd5 21. Qc2 Qh4
22. Raf1 axb4 23. axb4 Ra3 24. g3 Qe7 25. Ra1 Rfa8 26. Rxa3 Rxa3 27. Qc1 Qa7
28. g4 Ra2 29. g5 Qa4 30. Be1 Re2 31. Nd1 Qa2 32. Bf2 Rc2 33. Qxc2 Qxc2 34. Kg2
Nxc3 35. Nxc3 Qxc3 36. Rf1 Bxb4 37. h4 Qb2 38. h5 c3 39. d5 c2 40. dxe6 c1=Q
0-1

[Event "Kalamazoo Mini-Swiss.1"]
[Site "Kalamazoo, MI"]
[Date "1998.??.??"]
[Round "?"]
[White "Dorrington, Eldon"]
[Black "Estlick, Laurence"]
[Result "1/2-1/2"]
[WhiteElo "1690"]
[BlackElo "2015"]
[PlyCount "98"]
[EventDate "1998.??.??"]

1. d4 d5 2. e3 Nf6 3. Bd3 e6 4. f4 Be7 5. Qf3 Nbd7 6. Nh3 c5 7. c3 b6 8. O-O
O-O 9. Nd2 Bb7 10. Nf2 Rc8 11. g4 cxd4 12. exd4 Qc7 13. g5 Ne8 14. Qh3 g6 15.
Nf3 Nd6 16. Ne5 Nf5 17. Nfg4 f6 18. Nxd7 Qxd7 19. Bd2 Rce8 20. Rae1 Bc6 21. Rf2
Bd8 22. Rfe2 Kh8 23. Bxf5 gxf5 24. Nf2 fxg5 25. fxg5 Rg8 26. Qh5 Bb5 27. Bf4
Rg6 28. Re3 Reg8 29. Rg3 Bc7 30. Nh3 Qg7 31. Bxc7 Qxc7 32. Re5 Qc4 33. Qd1 Qxa2
34. Qd2 Qc4 35. Re1 h6 36. Qf4 Qc8 37. gxh6 Qf8 38. Ree3 Qf6 39. h7 Rxg3+ 40.
Rxg3 Rxg3+ 41. hxg3 Kxh7 42. Qg5 Qh6 43. Qe7+ Kg8 44. Ng5 Qg6 45. Qxe6+ Qxe6
46. Nxe6 Kf7 47. Nf4 Bc4 48. Kf2 Ke7 49. Ke3 Kd6 1/2-1/2

[Event "Michigan Amateur"]
[Site "Kalamazoo "]
[Date "1998.??.??"]
[Round "?"]
[White "Dorrington, Eldon"]
[Black "Belill, Nathan"]
[Result "1-0"]
[WhiteElo "1675"]
[BlackElo "1605"]
[PlyCount "147"]
[EventDate "1998.07.??"]

{7/18} 1. d4 d5 2. e3 Nf6 3. Bd3 e6 4. f4 c5 5. c3 Bd6 6. Nf3 Nbd7 7. Nbd2 cxd4
8. cxd4 O-O 9. O-O Nb6 10. e4 Bxf4 11. e5 Ng4 12. Qe2 Ne3 13. Re1 Nf5 14. Nb3
Bxc1 15. Raxc1 Nd7 16. Bxf5 exf5 17. e6 fxe6 18. Qxe6+ Kh8 19. Qxd5 Nf6 20.
Qxd8 Rxd8 21. Re7 Nd5 22. Ree1 b6 23. Ng5 Kg8 24. Ne6 Re8 25. Ng5 Bd7 26. Nf3
Rac8 27. Rxe8+ Rxe8 28. Ne5 Bb5 29. Kf2 Nb4 30. a3 Rxe5 31. dxe5 Nd3+ 32. Ke3
Nxc1 33. Nxc1 Bc4 34. Kd4 Be6 35. Nd3 Kf7 36. Nb4 Bc8 37. g3 Bb7 38. Nc2 Ke6
39. Ne3 g5 40. Nc4 Bc6 41. b4 f4 42. gxf4 gxf4 43. Nb2 f3 44. Nd3 Bd5 45. Nf2
Bc6 46. Nh3 Kf5 47. Nf2 h5 48. Nd3 Kg4 49. Ke3 Kf5 50. Ne1 Kxe5 51. Nxf3+ Bxf3
52. Kxf3 Kf5 53. b5 Ke5 54. Kg3 Kf5 55. h3 Kg5 56. Kf3 Kh4 57. Kg2 Kg5 58. Kg3
h4+ 59. Kf3 Kf5 60. a4 Kg5 61. Ke4 Kf6 62. Kf4 Ke6 63. Kg5 Kd5 64. Kxh4 Kc4 65.
Kg5 Kb4 66. h4 Kxa4 67. h5 Kxb5 68. h6 a5 69. h7 a4 70. h8=Q a3 71. Kf4 Ka4 72.
Ke3 b5 73. Kd3 b4 74. Kc4 1-0

[Event "Kalamazoo Mini-Swiss.1"]
[Site "Kalamazoo, MI"]
[Date "1998.??.??"]
[Round "?"]
[White "Dorrington, Eldon"]
[Black "Bambrough, Brian"]
[Result "0-1"]
[WhiteElo "1625"]
[BlackElo "2100"]
[PlyCount "118"]
[EventDate "1998.??.??"]

1. d4 f5 2. Bf4 g6 3. e3 Nf6 4. Nd2 Bg7 5. Ngf3 O-O 6. c3 d5 7. Be2 Nc6 8. O-O
Nh5 9. Be5 Nf6 10. Bf4 Re8 11. c4 e6 12. Rc1 Ne7 13. b4 c6 14. c5 h6 15. Qb3 a6
16. a4 Bd7 17. a5 Kh7 18. Qc2 g5 19. Bg3 Ng6 20. Bd6 Rg8 21. Ne5 Nxe5 22. Bxe5
Be8 23. g4 Bg6 24. gxf5 exf5 25. f4 g4 26. Bd3 Qd7 27. Kf2 h5 28. Rg1 Ne4+ 29.
Bxe4 fxe4 30. Bxg7 Rxg7 31. Ke2 Bf5 32. Nf1 h4 33. Kd2 Rag8 34. Kc3 Kg6 35. Qf2
Qe7 36. Rc2 Kf7 37. Qe1 Ke6 38. Rcg2 Qf6 39. Qf2 g3 40. hxg3 Bh3 41. Rh2 Bxf1
42. Qxf1 Rxg3 43. Rxg3 Rxg3 44. f5+ Qxf5 45. Qxf5+ Kxf5 46. Rxh4 Rxe3+ 47. Kb2
Kg6 48. Rg4+ Kf7 49. Rh4 Rg3 50. Rh8 Rg7 51. Rh3 Kf6 52. Kc3 Kf5 53. Kd2 Kf4
54. Rh1 e3+ 55. Kd3 Re7 56. Rf1+ Kg3 57. Rh1 e2 58. Re1 Kf2 59. Kd2 Re4 0-1

[Event "Kalamazoo Mini-Swiss.1"]
[Site "Kalamazoo, MI"]
[Date "1998.??.??"]
[Round "?"]
[White "Dorrington, Eldon"]
[Black "Anthony, James"]
[Result "1-0"]
[WhiteElo "1625"]
[BlackElo "1605"]
[PlyCount "93"]
[EventDate "1998.??.??"]

1. d4 e6 2. e4 d6 3. Nf3 g6 4. c3 Bg7 5. Nbd2 Ne7 6. Bd3 O-O 7. O-O d5 8. e5
Nbc6 9. Re1 a6 10. Nf1 f6 11. Bf4 f5 12. Qd2 Nb8 13. Bh6 Nd7 14. Bxg7 Kxg7 15.
Ng5 Nb6 16. Re3 Nc4 17. Bxc4 dxc4 18. Rh3 Rh8 19. f4 Nd5 20. Rg3 b5 21. Qf2 Qe7
22. Ne3 c6 23. b3 cxb3 24. Nxd5 cxd5 25. axb3 Bb7 26. Qb2 h6 27. Nf3 Rac8 28.
h4 Rhg8 29. h5 Kf7 30. hxg6+ Rxg6 31. Rxg6 Kxg6 32. Re1 Qg7 33. g3 Kf7 34. Kf2
Qg4 35. Qa3 Qg8 36. Qa2 Qg4 37. Qe2 Kg7 38. Qd3 Qh5 39. Rg1 Rg8 40. Qe2 Kf7 41.
Qd1 Qg4 42. Nh4 Bc6 43. Qf3 Qh3 44. Qh5+ Kg7 45. Qg6+ Kf8 46. Qf6+ Ke8 47.
Qxe6+ 1-0

[Event "U.S. Amateur North"]
[Site "Detroit, MI"]
[Date "1998.??.??"]
[Round "?"]
[White "Dolin, Jack"]
[Black "Spindleman, Brian"]
[Result "1-0"]
[WhiteElo "1605"]
[BlackElo "1605"]
[PlyCount "61"]
[EventDate "1998.05.??"]

{5/23} 1. d4 f5 2. Nf3 Nf6 3. c4 e6 4. Nc3 d5 5. cxd5 Nxd5 6. e3 Bb4 7. Bd2 O-O
8. Bc4 Nb6 9. Ne5 Nxc4 10. Nxc4 Nc6 11. a3 Na5 12. Ne5 Bxc3 13. Bxc3 Nc6 14.
Nxc6 bxc6 15. O-O Ba6 16. Re1 Rb8 17. Bb4 Re8 18. Rc1 Bb7 19. Rc5 Ra8 20. Qb3
h6 21. Rxf5 Kh8 22. Re5 Qd7 23. Bc3 Qf7 24. Qxb7 Rf8 25. Re2 Qg6 26. Qxc6 Qb1+
27. Re1 Qc2 28. Rf1 Rf7 29. Qxa8+ Kh7 30. Qe4+ Qxe4 31. Rxe4 1-0

[Event "Michigan Class D/E"]
[Site "Grand Rapids, MI"]
[Date "1998.??.??"]
[Round "?"]
[White "Dolin, Jack"]
[Black "Sinke, Brian"]
[Result "0-1"]
[WhiteElo "1605"]
[BlackElo "1605"]
[PlyCount "76"]
[EventDate "1998.01.??"]

1. d4 Nf6 2. c4 e6 3. Nc3 c5 4. d5 d6 5. e4 exd5 6. cxd5 Nbd7 7. Nf3 g6 8. Bg5
Bg7 9. Qd2 h6 10. Bf4 Qe7 11. Bd3 g5 12. Be3 Ng4 13. O-O Nxe3 14. Qxe3 a6 15.
h3 Ne5 16. Nxe5 Bxe5 17. Qe2 Bd7 18. Qh5 Qf6 19. Rac1 Ke7 20. Be2 Rag8 21. Bg4
Be8 22. Bc8 Qf4 23. g3 Qd2 24. Qe2 Qxe2 25. Nxe2 Bb5 26. Bg4 h5 27. a4 Bxa4 28.
Bf5 Bb5 29. Rfe1 Bxb2 30. Rc2 Be5 31. Nc3 Bd3 32. Rcc1 g4 33. h4 Rb8 34. Re3 c4
35. Na4 b5 36. Nb2 Bxb2 37. e5 Bxc1 38. exd6+ Kxd6 0-1

[Event "Michigan Senior"]
[Site "Ann Arbor, MI"]
[Date "1998.??.??"]
[Round "?"]
[White "Dolin, Jack"]
[Black "LaForge, Tom"]
[Result "0-1"]
[WhiteElo "1605"]
[BlackElo "2000"]
[PlyCount "98"]
[EventDate "1998.06.??"]

{6/13} 1. d4 Nf6 2. c4 e6 3. Nc3 Bb4 4. Bd2 O-O 5. Nf3 d5 6. e3 Nbd7 7. Bd3 b6
8. a3 Bxc3 9. bxc3 c5 10. cxd5 exd5 11. O-O Re8 12. c4 Ba6 13. Qa4 Bxc4 14.
Bxc4 dxc4 15. Qxc4 Rc8 16. Rac1 Ne4 17. Qa6 Rc7 18. Rfd1 Qc8 19. Qxc8 Rexc8 20.
dxc5 Rxc5 21. Rxc5 Ndxc5 22. Bb4 f6 23. Rc1 Nxf2 24. Bxc5 Nd3 25. Rc3 Nxc5 26.
Nd4 Rd8 27. Kf1 Kf7 28. Nc6 Rd7 29. Ke2 Ke6 30. Nb4 Kd6 31. Kf3 g6 32. Nc2 Ke5
33. Nd4 Ne6 34. Nxe6 Kxe6 35. Rc6+ Ke5 36. Ke2 f5 37. Rc8 Kd5 38. Rc3 Kd6 39.
h3 Rc7 40. Rxc7 Kxc7 41. Kd3 Kc6 42. g4 Kd5 43. g5 b5 44. h4 a5 45. Kd2 Ke4 46.
Ke2 b4 47. a4 b3 48. Kd2 b2 49. Kc2 Kxe3 0-1

[Event "Michigan Senior"]
[Site "Ann Arbor, MI"]
[Date "1998.??.??"]
[Round "?"]
[White "Dolin, Jack"]
[Black "Jointer, William"]
[Result "1/2-1/2"]
[WhiteElo "1605"]
[BlackElo "1605"]
[PlyCount "123"]
[EventDate "1998.06.??"]

{6/14} 1. d4 Nf6 2. c4 e5 3. dxe5 Ng4 4. Nf3 d6 5. Bg5 Qd7 6. e4 Nc6 7. Qa4 Be7
8. Bxe7 Qxe7 9. Bd3 Ngxe5 10. Nxe5 Qxe5 11. Nc3 O-O 12. O-O Qg5 13. f4 Qc5+ 14.
Kh1 Bd7 15. Qd1 a6 16. Nd5 Nb4 17. Nxb4 Qxb4 18. Rf2 Bc6 19. Qh5 b5 20. a3 Qc5
21. Qxc5 dxc5 22. cxb5 axb5 23. Rc1 c4 24. Bb1 Rfe8 25. Re2 Rad8 26. Bc2 Rd4
27. Rd1 Rxd1+ 28. Bxd1 Rxe4 29. Rxe4 Bxe4 30. Kg1 f5 31. Kf2 Kf7 32. g3 Ke6 33.
Ke3 Kd5 34. Be2 Bc2 35. Kd2 Bb3 36. Ke3 c5 37. Bf3+ Kd6 38. Be2 Kc6 39. h3 h6
40. Bh5 Kd6 41. Be8 Ba4 42. Bg6 Ke6 43. Be8 g5 44. fxg5 hxg5 45. h4 Ke7 46. Bc6
Kf6 47. h5 Kg7 48. Bd7 Kf6 49. Be8 Kg7 50. Kf3 Bd1+ 51. Ke3 b4 52. axb4 cxb4
53. Kd4 f4 54. gxf4 gxf4 55. Kxc4 f3 56. Bd7 b3 57. Kd3 Kh6 58. Ke3 Kxh5 59.
Be6 Kh4 60. Kf2 Kg5 61. Bxb3 Bxb3 62. Kxf3 1/2-1/2

[Event "Michigan Open Reserve"]
[Site "Flint, MI"]
[Date "1998.??.??"]
[Round "?"]
[White "Dolin, Jack"]
[Black "Grzegorczyk, Ron"]
[Result "0-1"]
[WhiteElo "1605"]
[BlackElo "1605"]
[PlyCount "68"]
[EventDate "1998.09.??"]

1. d4 d5 2. c4 c6 3. Nc3 e6 4. Nf3 Nd7 5. e3 Ngf6 6. Bd3 Be7 7. O-O O-O 8. cxd5
exd5 9. Qc2 h6 10. e4 dxe4 11. Nxe4 Nxe4 12. Bxe4 Nf6 13. Bd2 Be6 14. Rfe1 Bd6
15. Bf5 Bd5 16. Qd3 Qc7 17. Ne5 Rae8 18. f4 Rd8 19. Rac1 Qb6 20. b3 Rfe8 21.
Re2 Be6 22. Bxe6 Rxe6 23. Nc4 Qc7 24. Rxe6 fxe6 25. Qe3 Kh8 26. Ne5 Bxe5 27.
fxe5 Nd5 28. Qh3 Qd7 29. Rf1 Kg8 30. Qg3 Ne7 31. Bc3 Nf5 32. Qg4 Ne3 33. Qe2
Nxf1 34. Qxf1 Rf8 0-1

[Event "U.S. Amateur North"]
[Site "Detroit, MI"]
[Date "1998.??.??"]
[Round "?"]
[White "Dolin, Jack"]
[Black "Czymbor, K."]
[Result "1-0"]
[WhiteElo "1605"]
[BlackElo "1605"]
[PlyCount "119"]
[EventDate "1998.05.??"]

{5/24} 1. d4 e5 2. dxe5 f6 3. Nf3 Nc6 4. Bf4 d6 5. exd6 Bxd6 6. Bxd6 cxd6 7. e4
a6 8. Bc4 Bg4 9. Nbd2 Nge7 10. O-O b5 11. Bd5 Nxd5 12. exd5 Ne5 13. Re1 O-O 14.
h3 Bxf3 15. Nxf3 Qd7 16. Nxe5 fxe5 17. Rc1 Qf5 18. Re2 Rac8 19. b3 Rc3 20. Qd2
b4 21. Re3 Qg5 22. Qe1 Rf4 23. Rxc3 bxc3 24. Qe3 h6 25. Qxc3 Rd4 26. Qe1 Rxd5
27. Rd1 e4 28. Rxd5 Qxd5 29. Qe2 Qc6 30. c4 Qb7 31. f3 exf3 32. Qxf3 Qxf3 33.
gxf3 Kf7 34. b4 Ke7 35. Kf2 Kd7 36. Ke3 Kc6 37. Kd4 h5 38. a3 g5 39. a4 Kc7 40.
Kd5 Kd7 41. b5 a5 42. c5 dxc5 43. Kxc5 Kc7 44. b6+ Kb7 45. Kb5 h4 46. Kxa5 Ka8
47. Kb5 Kb7 48. Kc5 Ka8 49. Kc6 Kb8 50. a5 g4 51. fxg4 Kc8 52. g5 Kd8 53. b7
Ke7 54. b8=Q Kf7 55. Qf4+ Kg7 56. Qf6+ Kg8 57. a6 Kh7 58. a7 Kg8 59. a8=Q+ Kh7
60. Qah8# 1-0

[Event "Michigan Open Reserve"]
[Site "Flint, MI"]
[Date "1998.??.??"]
[Round "?"]
[White "Dolin, Jack"]
[Black "Carpenter, O."]
[Result "0-1"]
[WhiteElo "1605"]
[BlackElo "1605"]
[PlyCount "68"]
[EventDate "1998.09.??"]

1. d4 Nf6 2. c4 d6 3. Nf3 g6 4. Nc3 Bg7 5. Bf4 O-O 6. Qd2 Re8 7. Bh6 Bh8 8. g3
Nbd7 9. Bg2 e5 10. O-O c6 11. dxe5 dxe5 12. Rfd1 Qb6 13. a4 Ng4 14. Be3 Nxe3
15. fxe3 a5 16. Ng5 Nc5 17. Rab1 Bf5 18. Be4 Rad8 19. Qc2 Nxe4 20. Ngxe4 Qxe3+
21. Kg2 Rd4 22. Rd3 Bxe4+ 23. Nxe4 Qxe4+ 24. Kg1 Rxd3 25. exd3 Qd4+ 26. Kg2 e4
27. Re1 f5 28. Re2 Kf8 29. Rf2 Qxd3 30. Qc1 Bd4 31. Rd2 Qf3+ 32. Kh3 Qg4+ 33.
Kg2 Qf3+ 34. Kh3 Be3 0-1

[Event "U.S. Amateur North"]
[Site "Detroit, MI"]
[Date "1998.??.??"]
[Round "?"]
[White "Dolin, Jack"]
[Black "Brown, B."]
[Result "1-0"]
[WhiteElo "1605"]
[BlackElo "1605"]
[PlyCount "69"]
[EventDate "1998.05.??"]

{5/23} 1. d4 d5 2. c4 e6 3. Nc3 dxc4 4. e3 Bb4 5. Bxc4 Nc6 6. Bd2 Nf6 7. Nf3
O-O 8. O-O e5 9. dxe5 Nh5 10. e4 Re8 11. Ng5 Nxe5 12. Qxh5 h6 13. Bxf7+ Nxf7
14. Qxf7+ Kh8 15. Nf3 Qf6 16. Qxe8+ Qf8 17. Qxf8+ Bxf8 18. Bf4 c6 19. Rfd1 Bg4
20. Bd6 Bxf3 21. gxf3 Bxd6 22. Rxd6 Rf8 23. Kg2 Kh7 24. Rd7 b5 25. Rxa7 b4 26.
Ne2 Kg8 27. Rc1 Rf7 28. Ra8+ Kh7 29. Rxc6 Rf6 30. Rcc8 b3 31. a3 Rd6 32. Rh8+
Kg6 33. Nf4+ Kg5 34. Ra5+ Kxf4 35. Rf5# 1-0

[Event "Michigan Class D/E"]
[Site "Grand Rapids, MI"]
[Date "1998.??.??"]
[Round "?"]
[White "Dolin, Jack"]
[Black "Brooks, D."]
[Result "1-0"]
[WhiteElo "1605"]
[BlackElo "1605"]
[PlyCount "82"]
[EventDate "1998.01.??"]

1. d4 Nf6 2. c4 e6 3. Nc3 d5 4. Bg5 Be7 5. e3 O-O 6. Nf3 b6 7. Bd3 Bb7 8. cxd5
exd5 9. O-O Nbd7 10. Qc2 g6 11. Rfe1 Re8 12. Rac1 Rc8 13. e4 c5 14. e5 c4 15.
Bf1 Ng4 16. Bxe7 Rxe7 17. h3 Nh6 18. g4 Kf8 19. Nb5 a6 20. Nd6 Rc7 21. Nxb7
Rxb7 22. Qd2 Ng8 23. b3 b5 24. Ng5 f6 25. exf6 Rxe1 26. Rxe1 Ndxf6 27. Ne6+ Ke8
28. Nxd8+ Kxd8 29. Bg2 Rc7 30. Qa5 c3 31. Re2 Kd7 32. Rc2 Ne4 33. Bxe4 dxe4 34.
Rxc3 Rxc3 35. Qxc3 Ne7 36. Qe3 Nd5 37. Qxe4 Nc3 38. Qc2 Nd5 39. Qc5 Nf4 40.
Qa7+ Ke6 41. Qxa6+ Kf7 1-0

[Event "Kalamazoo Mini-Swiss.2"]
[Site "Kalamazoo, MI"]
[Date "1998.??.??"]
[Round "?"]
[White "Dickerson, T."]
[Black "Strahan, S."]
[Result "1-0"]
[WhiteElo "1605"]
[BlackElo "1605"]
[PlyCount "51"]
[EventDate "1998.??.??"]

1. d4 d5 2. Nf3 Bf5 3. Bf4 e6 4. c3 Nf6 5. Nbd2 Nbd7 6. e3 Be7 7. Bb5 c6 8. Ba4
Ne4 9. Qe2 O-O 10. h3 Re8 11. O-O Ndf6 12. Bb3 Nh5 13. Be5 Bd6 14. g4 Bxg4 15.
hxg4 Nhf6 16. Kg2 Nxg4 17. Bg3 f5 18. Rh1 Bxg3 19. fxg3 Qc7 20. Ne5 Nxe5 21.
Qh5 h6 22. Nxe4 dxe4 23. dxe5 Qxe5 24. Qg6 Rad8 25. Rxh6 Rf8 26. Rah1 1-0

[Event "Kalamazoo Mini-Swiss.2"]
[Site "Kalamazoo, MI"]
[Date "1998.??.??"]
[Round "?"]
[White "Dickerson, T."]
[Black "Carpenter, O."]
[Result "1-0"]
[WhiteElo "1605"]
[BlackElo "1605"]
[PlyCount "45"]
[EventDate "1998.??.??"]

1. d4 Nf6 2. Bf4 g6 3. c3 Bg7 4. Nf3 O-O 5. e3 Ne4 6. Qc2 f5 7. Bd3 d5 8. Nbd2
Nd7 9. O-O-O c5 10. Rhf1 c4 11. Bxe4 fxe4 12. Ne5 Nb6 13. f3 exf3 14. Ndxf3 Bf5
15. Qe2 Nc8 16. g4 Be4 17. Ng5 Rf6 18. Nxe4 dxe4 19. Qxc4+ Kf8 20. Bg5 Nd6 21.
Qe6 Ke8 22. Rxf6 Qc8 23. Qg8+ 1-0

[Event "Michigan Class D/E"]
[Site "Grand Rapids, MI"]
[Date "1998.??.??"]
[Round "?"]
[White "Delong, Jason"]
[Black "Mitchell, Dave"]
[Result "0-1"]
[WhiteElo "1605"]
[BlackElo "1605"]
[PlyCount "95"]
[EventDate "1998.01.??"]

1. e4 d6 2. Nc3 Nf6 3. Bd3 e5 4. Nd5 Nbd7 5. Nf3 c6 6. Nxf6+ Nxf6 7. c4 Bg4 8.
Qb3 Qc7 9. Bc2 c5 10. Qd3 O-O-O 11. O-O Be7 12. Ng5 Rdf8 13. Bd1 Bxd1 14. Rxd1
h6 15. Qh3+ Kb8 16. Nf3 Nxe4 17. Qg4 Ng5 18. d3 f5 19. Qh5 Nxf3+ 20. Qxf3 f4
21. Qg4 g5 22. Bd2 h5 23. Qe2 Qc6 24. Qe4 Qd7 25. b4 f3 26. gxf3 Qh3 27. bxc5
Rxf3 28. Rab1 Qg4+ 29. Kh1 Qxe4 30. dxe4 Rxf2 31. Be3 Re2 32. c6 Rxe3 33. Rxb7+
Ka8 34. Rdb1 Rc8 35. c7 Re1+ 36. Rxe1 Kxb7 37. Rb1+ Kxc7 38. a4 Rb8 39. c5 dxc5
40. Rd1 c4 41. Rd5 Bd6 42. Ra5 Kb6 43. Rd5 Kc6 44. Ra5 c3 45. Rxa7 c2 46. Ra6+
Kd7 47. Ra7+ Ke6 48. a5 0-1

[Event "Michigan Class D/E"]
[Site "Grand Rapids, MI"]
[Date "1998.??.??"]
[Round "?"]
[White "Delong, Jason"]
[Black "Evans Sr., Thomas"]
[Result "0-1"]
[WhiteElo "1605"]
[BlackElo "1605"]
[PlyCount "64"]
[EventDate "1998.01.??"]

1. e4 e6 2. Nf3 d5 3. e5 c5 4. d4 Nc6 5. c3 cxd4 6. Nxd4 Nxd4 7. Qxd4 Ne7 8.
Bg5 Qc7 9. c4 Nf5 10. Qd2 Bb4 11. Nc3 Qxe5+ 12. Be2 d4 13. Qf4 Qxf4 14. Bxf4
dxc3 15. bxc3 Bxc3+ 16. Bd2 Bxa1 17. O-O Be5 18. c5 O-O 19. Rc1 Nd4 20. Re1
Nxe2+ 21. Rxe2 Bd4 22. Re4 Bxc5 23. Rg4 e5 24. Bg5 Bxg4 25. Be3 Rfd8 26. h3
Bxe3 27. fxe3 Bxh3 28. gxh3 Rd2 29. Kf1 Rc8 30. Ke1 Rh2 31. Kd1 Rcc2 32. Ke1
Rc1# 0-1

[Event "Kalamazoo Mini-Swiss.3"]
[Site "Kalamazoo, MI"]
[Date "1998.??.??"]
[Round "?"]
[White "DeWitt, A."]
[Black "Bernal, H."]
[Result "1-0"]
[WhiteElo "1605"]
[BlackElo "1605"]
[PlyCount "87"]
[EventDate "1998.??.??"]

1. e4 c5 2. Nc3 d6 3. d3 Nf6 4. g3 Nc6 5. Be3 b6 6. Bg2 Bb7 7. f4 Rb8 8. Nf3 e6
9. O-O Be7 10. d4 cxd4 11. Nxd4 O-O 12. Qe2 Qd7 13. a4 Nb4 14. Rfd1 d5 15. e5
Ba6 16. Ndb5 Ne8 17. Qg4 Nxc2 18. Rxd5 Nxe3 19. Rxd7 Nxg4 20. Rxe7 Rd8 21. Rd1
Rc8 22. Rxa7 Bxb5 23. axb5 g6 24. Rdd7 Ng7 25. h3 Ne3 26. Bc6 h5 27. Ne4 Ngf5
28. Nf6+ Kh8 29. Rxf7 Rxf7 30. Rxf7 Ng7 31. g4 Rd8 32. Kf2 Nd5 33. Rd7 Rxd7 34.
Nxd7 Nxf4 35. gxh5 Ngxh5 36. Nxb6 Nxh3+ 37. Ke3 g5 38. Nd7 Ng7 39. Be4 g4 40.
b6 g3 41. b7 Nf5+ 42. Bxf5 g2 43. b8=Q+ Kg7 44. Qf8# 1-0

[Event "Kalamazoo Mini-Swiss.3"]
[Site "Kalamazoo, MI"]
[Date "1998.??.??"]
[Round "?"]
[White "DeWitt, A."]
[Black "Amante, T."]
[Result "0-1"]
[WhiteElo "1605"]
[BlackElo "1605"]
[PlyCount "96"]
[EventDate "1998.??.??"]

1. e4 c6 2. d4 d5 3. exd5 cxd5 4. c4 dxc4 5. Bxc4 e6 6. Nf3 Bb4+ 7. Nc3 Nf6 8.
O-O O-O 9. Bg5 Nbd7 10. d5 Bxc3 11. bxc3 Nb6 12. Bxf6 Qxf6 13. Qd3 Nxc4 14.
Qxc4 exd5 15. Qxd5 Qxc3 16. Rac1 Qb4 17. Rc7 Be6 18. Qxb7 Qxb7 19. Rxb7 Bd5 20.
Rc7 Bxf3 21. gxf3 Rac8 22. Rxc8 Rxc8 23. Re1 Kf8 24. a4 Rc3 25. Re3 Rxe3 26.
fxe3 Ke7 27. Kf1 Kd6 28. Ke1 Kc5 29. Kd2 Kb4 30. Kc2 Kxa4 31. e4 a5 32. f4 g6
33. e5 Kb4 34. Kb2 a4 35. h4 h5 36. Ka2 a3 37. Ka1 Kb3 38. Kb1 Kc3 39. Ka2 Kb4
40. Ka1 Kc4 41. Ka2 Kd4 42. Kxa3 Ke4 43. Kb3 Kxf4 44. e6 fxe6 45. Kc3 e5 46.
Kd3 Kf3 47. Kd2 e4 48. Ke1 Ke3 0-1

[Event "Kalamazoo Mini-Swiss.2"]
[Site "Kalamazoo, MI"]
[Date "1998.??.??"]
[Round "?"]
[White "DeMott, K."]
[Black "Varner, Bill"]
[Result "1-0"]
[WhiteElo "1605"]
[BlackElo "1605"]
[PlyCount "75"]
[EventDate "1998.??.??"]

1. e4 e5 2. Nf3 Nc6 3. Bb5 a6 4. Ba4 b5 5. Bb3 Nf6 6. O-O Nxe4 7. d4 exd4 8.
Re1 d5 9. Nxd4 Bb7 10. Nc3 Nxd4 11. Qxd4 c5 12. Qe5+ Qe7 13. Qxe7+ Bxe7 14.
Bxd5 Bxd5 15. Nxd5 Rd8 16. Nxe7 Kxe7 17. Rxe4+ Kf6 18. Be3 Rd5 19. h4 h6 20.
Kf1 g5 21. h5 g4 22. Rf4+ Ke6 23. Re1 f6 24. Bxc5+ Kf7 25. Re7+ Kg8 26. Rxg4+
Rg5 27. Rd4 Rg7 28. Rd8+ Kh7 29. Rxg7+ Kxg7 30. Rxh8 Kxh8 31. Ke2 Kg7 32. Ke3
f5 33. Bd4+ Kf7 34. Kf4 Ke6 35. f3 b4 36. c3 a5 37. cxb4 axb4 38. a3 1-0

[Event "Kalamazoo Mini-Swiss.2"]
[Site "Kalamazoo, MI"]
[Date "1998.??.??"]
[Round "?"]
[White "DeMott, K."]
[Black "Higgins, Richard"]
[Result "1-0"]
[WhiteElo "1605"]
[BlackElo "1605"]
[PlyCount "117"]
[EventDate "1998.??.??"]

1. e4 c5 2. Nf3 Nc6 3. d4 cxd4 4. Nxd4 e6 5. Nc3 Bb4 6. Nxc6 bxc6 7. Bd2 Nf6 8.
e5 Nd5 9. Qg4 O-O 10. Bh6 g6 11. Bxf8 Kxf8 12. Qh3 Kg8 13. Bc4 Qa5 14. Bxd5
Bxc3+ 15. Qxc3 Qxc3+ 16. bxc3 cxd5 17. O-O Ba6 18. Rfe1 Rc8 19. Re3 Bc4 20. a4
Kg7 21. a5 a6 22. f4 f6 23. Kf2 Rc6 24. Ra4 Bb5 25. Rb4 Rc5 26. Ke1 Rc6 27. Kd2
Rc5 28. Re1 Bc6 29. g3 Rxa5 30. Kc1 Ra1+ 31. Rb1 Ra3 32. Kb2 Ra5 33. Ra1 Rb5+
34. Kc1 Rc5 35. Kd2 Bb5 36. Ra3 Rc4 37. Ke3 fxe5 38. fxe5 Rc6 39. Rb1 Rc4 40.
Rb4 d4+ 41. Kf2 dxc3 42. Rxc4 Bxc4 43. Rxc3 Bb5 44. Ra3 Kf7 45. Ke3 Ke7 46. Kd4
d6 47. exd6+ Kxd6 48. c4 e5+ 49. Kc3 Bc6 50. Rxa6 Kc5 51. Kd2 g5 52. Ra7 Be4
53. Ke3 Bg6 54. Ra5+ Kxc4 55. Rxe5 Kc3 56. Rxg5 Kc2 57. h4 Kd1 58. g4 Ke1 59.
Rxg6 1-0

[Event "Lansing Mini-Swiss.3"]
[Site "Lansing, MI"]
[Date "1998.??.??"]
[Round "?"]
[White "Davidson, K."]
[Black "Vaughn, Gerald"]
[Result "1-0"]
[WhiteElo "1605"]
[BlackElo "1605"]
[PlyCount "95"]
[EventDate "1998.??.??"]

1. d4 d5 2. c4 c6 3. cxd5 cxd5 4. Nc3 Nf6 5. Bf4 Nc6 6. e3 a6 7. Bd3 e6 8. Nf3
Bd7 9. a3 Be7 10. O-O Nh5 11. Ne2 Rc8 12. Ne5 Nxf4 13. Nxc6 Rxc6 14. Nxf4 O-O
15. Qd2 Bg5 16. Qe2 Bxf4 17. exf4 Qh4 18. Qf3 Rfc8 19. g3 Qh3 20. Rfd1 b5 21.
Bf1 Qh6 22. Bd3 f5 23. Qe2 Be8 24. f3 Qf6 25. Qe5 Qf8 26. Qe3 Bf7 27. Rac1 Bh5
28. Kg2 Qe8 29. Rxc6 Qxc6 30. Qe2 h6 31. g4 fxg4 32. fxg4 Bf7 33. Kg3 Qc7 34.
h3 g5 35. Qe5 gxf4+ 36. Kxf4 Qxe5+ 37. Kxe5 Kg7 38. h4 Rc6 39. Rg1 Bg6 40. Bxg6
Kxg6 41. Rf1 a5 42. Rf6+ Kg7 43. Rxe6 Rxe6+ 44. Kxe6 b4 45. axb4 axb4 46. b3
Kg6 47. Kxd5 Kf6 48. Kd6 1-0